000 00995nam a22002055i 4500
001 165481
003 ES-MaACL
005 20250902100244.0
008 981127s1871 sp |||| | spa d
080 _a061.235(460.27 M.).055.5
110 2 _aReal Sociedad Económica Matritense de Amigos del País.
_96389
245 1 0 _aResumen de sus actas y de sus tareas en el año 1870, leído en la sesión de 14 de enero de 1871 /
_cpor el secretario general D. Juan de Tro Ortolano.
260 _aMadrid :
_b[s.n.],
_c1871 (
_fImp. y estereotipia de Rivadeneyra)
300 _a141, [2] en bl., 92 p. ;
_c25 cm.
505 8 _aContiene: Lista alfabética . Lista del personal oficial . Lista de las obras adquiridas en 1870
610 2 7 _aReal Sociedad Económica Matritense de Amigos del País-
_vMemorias
_2
_9145026
700 1 _aTro y Ortolano, Juan de.
_9133384
852 4 _aES-MaACL
_jT-660-F-5
_z- Enc. hol., falto de cub. original
_z- Enc. en un vol. facticio
999 _c165481
_d165481